NBA Ringless Stat Leaders - Statistics

General Stats
  • This quiz has been taken 27 times
  • The average score is 25 of 50
Answer Stats
Hint Answer Seasons Played % Correct
2 Chris Paul 2006-Current
92%
2 Chris Paul 2006-Current
92%
1 Karl Malone 1986-2004
92%
1 Karl Malone 1986-2004
92%
4 Karl Malone 1986-2004
92%
1 John Stockton 1985-2003
88%
1 John Stockton 1985-2003
88%
5 Charles Barkley 1985-2000
80%
2 James Harden 2010-Current
80%
7 James Harden 2010-Current
80%
9 James Harden 2010-Current
80%
5 Russell Westbrook 2009-Current
80%
5 Russell Westbrook 2009-Current
80%
7 Russell Westbrook 2009-Current
80%
6 Vince Carter 1999-2020
72%
6 Dikembe Mutombo 1992-2009
64%
1 Dikembe Mutombo 1992-2009
64%
3 Steve Nash 1997-2014
60%
6 Andre Miller 2000-2016
56%
3 Carmelo Anthony 2004-2022
56%
10 Patrick Ewing 1986-2002
56%
8 Patrick Ewing 1986-2002
56%
3 Patrick Ewing 1986-2002
56%
9 Reggie Miller 1988-2005
56%
8 Alex English 1977-1991
52%
6 Allen Iverson 1997-2010
52%
7 DeMar DeRozan 2010-Current
52%
4 Dominique Wilkins 1983-1999
44%
9 Lenny Wilkens 1961-1975
44%
10 Andre Drummond 2013-Current
40%
4 Mark Jackson 1988-2004
40%
3 Walt Bellamy 1962-1975
36%
4 Buck Williams 1982-1998
32%
2 Mark Eaton 1983-1993
32%
6 Shawn Bradley 1994-2005
32%
9 Elgin Baylor 1959-1970
28%
7 Manute Bol 1986-1995
28%
2 Nate Thurmond 1964-1977
28%
8 Rod Strickland 1989-2005
28%
4 Tree Rollins 1978-1995
28%
10 Elton Brand 2000-2016
24%
3 Alvin Robertson 1985-1996
20%
5 Marcus Camby 1997-2013
20%
10 Terry Porter 1986-2002
20%
7 Charles Oakley 1986-2004
12%
5 Mookie Blaylock 1990-2002
12%
9 Theo Ratliff 1996-2011
12%
8 Derek Harper 1984-1999
8%
10 Fat Lever 1983-1994
8%
8 Larry Nance 1982-1994
4%
No matching quizzes found
Score Distribution
Percent of People with Each Score
Percentile by Number Answered
Your Score History
You have not taken this quiz